Statistics for EPC #3

Click here to take the quiz!

General Stats

  • This quiz has been taken 27 times
  • The average score is 6 of 6

Answer Stats

Answer% Correct
ABC
96%
ACB
96%
BAC
96%
CAB
96%
BCA
91%
CBA
87%

Score Distribution

Percentile by Number Answered

Percent of People with Each Score

Your Score History

You have not taken this quiz